| 000 | 00441pam a2200157a 44500 | ||
|---|---|---|---|
| 008 | 230515b2015 xxu||||| |||| 00| 0 eng d | ||
| 020 | _a978-81-312-5411-0 | ||
| 041 | _aENGLISH | ||
| 082 | _a618.1PADUBIDRI | ||
| 100 | _aPADUBIDRI V. G | ||
| 245 | _aHOWKINS & BOURNE SHAWS TEXT BOOK OF GYNAECOLOGY | ||
| 250 | _a17 | ||
| 260 |
_aNEW DELHI _bELSEVIER _c2015 |
||
| 300 | _a562 | ||
| 650 | _aHOWKINS & BOURNE SHAWS TEXT BOOK OF GYNAECOLOGY | ||
| 999 |
_c502096 _d502096 |
||